Score 0/11 Timer 04:00
0 Plays Today
% Correct
The Poltergoose
72.7%
The Killer Underpants
54.5%
The Toilet of Doom
54.5%
The Iron, the Switch and the Broom Cupboard
45.5%
Kid Swap
45.5%
Maggot Pie
36.4%
Nudie Dudie
36.4%
The Snottle
27.3%
Ryan's Brain
27.3%
Nevil the Devil
18.2%
All For One and One For Lunch
9.1%
Remove Ads.
Support Sporcle.
Get the best of Sporcle when you Go Orange. This ad-free experience offers more features, more stats, and more fun while also helping to support Sporcle. Thank you for becoming a member.

You're not logged in!

Compare scores with friends on all Sporcle quizzes.
OR
Log In

Show Comments

Extras

Top Quizzes Today


Score Distribution

Your Account Isn't Verified!

In order to create a playlist on Sporcle, you need to verify the email address you used during registration. Go to your Sporcle Settings to finish the process.

Report this User

Report this user for behavior that violates our Community Guidelines.

Details: